000 00414nam a2200121Ia 4500
008 220901s9999||||xx |||||||||||||| ||und||
082 _a620.1 INT
100 _aThe Instituion of Engineers (India)
245 4 _aThe Instituion of Engineers (India) series D: Metallurgical & Material Science
250 _aVol. 92 Issue No. 1 & 2
260 _bThe Instituion of Engineers (India)
_c2011
650 _aMaterial Science
999 _c193818
_d193818